| 000 | 00604nam a2200181 i 4500 | ||
|---|---|---|---|
| 001 | 44401 | ||
| 003 | ES-MaACL | ||
| 005 | 20230906161024.0 | ||
| 007 | t| | ||
| 008 | 030321s1968 es ||||1| spa d | ||
| 100 | 1 |
_aCea, José Roberto. _937261 |
|
| 245 | 1 | 0 |
_aCódice liberado _b: (selecciones del libro Todo el Códice) / _cJosé Roberto Cea. |
| 250 | _a[1ª ed.]. | ||
| 260 |
_aSan Salvador : _bMinisterio de Educación, Dirección General de Cultura, _c[1968] |
||
| 300 |
_a80 p. ; _c21 cm. |
||
| 710 | 0 | 0 |
_aEl Salvador. _bDirección General de Cultura. _93460 |
| 852 |
_aES-MaACL _jC-42643 _bR.81273 |
||
| 999 |
_c44401 _d44401 |
||